On This Day: June 21st Quiz Stats

 Plays Quiz Updated Jun 21, 2017

Support Sporcle.
Go Orange.
Score 0/7 Timer 03:00
0 Plays Today
Question Answer Wrong Answers
This man is found not guilty by reason of insanity for the attempted assassination of President Ronald Reagan.
1982
John Hinckley
82.6%
Matthew Jones
2.8%
Mark Peters
4.4%
Luke Walcott
4.9%
The United States captures Guam from ______.
1898
Spain
70.3%
Australia
3.5%
Papua New Guinea
9.5%
France
16.7%
This constituent country of Denmark assumes self-rule.
2009
Greenland
68.4%
Faroe Islands
15.8%
Saint-Martin
5.8%
Azores
4.3%
This politician, the first woman to head a Muslim majority nation, is born.
1953
Benazir Bhutto
58.8%
Indira Gandhi
23.4%
Aung San Suu Kyi
5%
Golda Meir
8.9%
As part of this conflict, China formally declares war on the US, Britain, Germany, France and Japan.
1900
Boxer Rebellion
57.2%
First Sino-Japanese War
27.1%
Second Boer War
8.4%
Wuchang Uprising
5.6%
Cardinal Giovanni Battista Montini is elected as Pope ______.
1963
Paul VI
50.3%
Benedict XVI
15.5%
Leo XIII
11%
Pius VIII
18.5%
A Japanese submarine surfaces near this American river, firing 17 shells at nearby Fort Stevens in one of only a handful of attacks by Japan against the United States mainland.
1942
Columbia
38%
Colorado
14.9%
Mississippi
37%
Ohio
7.3%

You're not logged in!

Compare scores with friends on all Sporcle quizzes.
OR
Log In
Forgot?

From the Vault

Wimbledon Singles Winners (A-Z)

by nspyred

Singles in tennis? Makes sense since it's a game where you're trying to break love.
Remove Ads.
Support Sporcle.
Get the best of Sporcle when you Go Orange. This ad-free experience offers more features, more stats, and more fun while also helping to support Sporcle. Thank you for becoming a member.

Show Comments

Extras

Top Quizzes Today


Score Distribution

Your Account Isn't Verified!

In order to create a playlist on Sporcle, you need to verify the email address you used during registration. Go to your Sporcle Settings to finish the process.

Report this User

Report this user for behavior that violates our Community Guidelines.

Details: